The prophet / (Record no. 10471)
[ view plain ]
| 000 -LEADER | |
|---|---|
| fixed length control field | 00585nam a22002057a 4500 |
| 003 - CONTROL NUMBER IDENTIFIER | |
| control field | SISC |
| 005 - DATE AND TIME OF LATEST TRANSACTION | |
| control field | 20160301135301.0 |
| 008 - FIXED-LENGTH DATA ELEMENTS--GENERAL INFORMATION | |
| fixed length control field | 130906t xxu||||| |||| 00| 0 eng d |
| 050 ## - LIBRARY OF CONGRESS CALL NUMBER | |
| Classification number | PS 3513 |
| Item number | .G447 [ca.1990] |
| 082 ## - DEWEY DECIMAL CLASSIFICATION NUMBER | |
| Classification number | HS 811.5'2 |
| Item number | P73 19 |
| 100 ## - MAIN ENTRY--PERSONAL NAME | |
| Personal name | Gibran, Kahlil |
| 9 (RLIN) | 10214 |
| 245 ## - TITLE STATEMENT | |
| Title | The prophet / |
| Statement of responsibility, etc | Kahlil Gibran. |
| 260 ## - PUBLICATION, DISTRIBUTION, ETC. (IMPRINT) | |
| Place of publication, distribution, etc | New Delhi : |
| Name of publisher, distributor, etc | Classic Paperbacks, |
| Date of publication, distribution, etc | [ca.1990] |
| 300 ## - PHYSICAL DESCRIPTION | |
| Extent | 113 p. : |
| Dimensions | 17 cm. |
| 650 ## - SUBJECT ADDED ENTRY--TOPICAL TERM | |
| Topical term or geographic name as entry element | Inspirational. |
| 9 (RLIN) | 16773 |
| 650 ## - SUBJECT ADDED ENTRY--TOPICAL TERM | |
| Topical term or geographic name as entry element | Prose poems, American |
| 9 (RLIN) | 16774 |
| 650 ## - SUBJECT ADDED ENTRY--TOPICAL TERM | |
| Topical term or geographic name as entry element | Mysticism |
| General subdivision | Poetry. |
| 9 (RLIN) | 16775 |
| 942 ## - ADDED ENTRY ELEMENTS (KOHA) | |
| Source of classification or shelving scheme | Library of Congress Classification |
| Koha item type | Books |
| Withdrawn status | Lost status | Source of classification or shelving scheme | Damaged status | Home library | Current library | Shelving location | Date acquired | Total Checkouts | Total Renewals | Full call number | Barcode | Date last seen | Date checked out | Copy number | Price effective from | Koha item type |
|---|---|---|---|---|---|---|---|---|---|---|---|---|---|---|---|---|
| Library of Congress Classification | Luxembourg Library | Luxembourg Library | High School Section | 09/06/2013 | 1 | 1 | PS 3513 .G447 [ca.1990] | 7744 | 02/24/2020 | 01/24/2020 | 1 | 09/06/2013 | Books |